000 00361 a2200169 4500
001 195289
020 _a978-8516-06303-0
040 _cMagnum
100 _aRocha, Ruth
240 1 0 _aNosso amigo ventinho
_lpor
245 1 0 _aNosso amigo ventinho
300 _a40
362 0 _a2009
440 1 _aSalamandra
697 _aLITERATURA INFANTIL
942 _cBK
999 _c195289
_d195289